Mathematical handbook of formulas and tables (Record no. 7309)

000 -LEADER
fixed length control field 00756 a2200253 4500
020 ## - INTERNATIONAL STANDARD BOOK NUMBER
International Standard Book Number 0-07-038203-4
020 ## - INTERNATIONAL STANDARD BOOK NUMBER
International Standard Book Number 0-07-116765-X
040 ## - CATALOGING SOURCE
Original cataloging agency DLC
Language of cataloging DLC
082 ## - DEWEY DECIMAL CLASSIFICATION NUMBER
Classification number 510.212
082 ## - DEWEY DECIMAL CLASSIFICATION NUMBER
Classification number 510.212
100 1# - MAIN ENTRY--PERSONAL NAME
Personal name Spiegel, Murray R.
245 00 - TITLE STATEMENT
Title Mathematical handbook of formulas and tables
Statement of responsibility, etc. Murray R. Spiegel, John Liu
250 ## - EDITION STATEMENT
Edition statement 2. ed.
260 ## - PUBLICATION, DISTRIBUTION, ETC.
Place of publication, distribution, etc. New York ;
-- London :
Name of publisher, distributor, etc. McGraw-Hill,
Date of publication, distribution, etc. 1999
300 ## - PHYSICAL DESCRIPTION
Extent viii, 278 s. :
Other physical details ill. ;
Dimensions 28 cm
490 0# - SERIES STATEMENT
Series statement Schaum's outline series
500 ## - GENERAL NOTE
General note Rev. ed. of: Mathematical handbook of formulas and tables, by Murray R. Spiegel, 1968.
650 #7 - SUBJECT ADDED ENTRY--TOPICAL TERM
Topical term or geographic name entry element Mathematics
650 #7 - SUBJECT ADDED ENTRY--TOPICAL TERM
Topical term or geographic name entry element Formulae
650 #7 - SUBJECT ADDED ENTRY--TOPICAL TERM
Topical term or geographic name entry element Tables
700 1# - ADDED ENTRY--PERSONAL NAME
Personal name Liu, John
740 0# - ADDED ENTRY--UNCONTROLLED RELATED/ANALYTICAL TITLE
Uncontrolled related/analytical title Formulas and tables
942 ## - ADDED ENTRY ELEMENTS (KOHA)
Koha item type Book
Call number prefix 510.212 SPI
Source of classification or shelving scheme
Holdings
Withdrawn status Lost status Damaged status Not for loan Collection code Permanent Location Current Location Shelving location Date acquired Source of acquisition Cost, normal purchase price Total Checkouts Total Renewals Full call number Barcode Checked out Date last seen Date last checked out Price effective from Koha item type
          Central Library (CL) Central Library (CL) General Stacks 08/29/2003 Allied Book Company 743.49 3 1 510.212 SPI SEECS003763 04/14/2021 03/15/2021 03/15/2021 01/05/2017 Book
          Central Library (CL) Central Library (CL) General Stacks 10/07/2002 Allied Book Company 572.64 2   510.212 SPI SEECS002553   04/07/2023 02/27/2023 01/05/2017 Book
© 2023 Central Library, National University of Sciences and Technology. All Rights Reserved.